|
|
|
|
| LEADER |
00000nab a2200000 a 4500 |
| 001 |
vtls000847367 |
| 003 |
SK-MaSNL |
| 005 |
20260305001740.0 |
| 008 |
250429c2003 xo 0 slo |
| 015 |
|
|
|a SNBRB2003/10-27528
|
| 035 |
|
|
|a CLN000199022
|
| 035 |
|
|
|a urn:nbn:sk:snk-ab2s0i
|
| 035 |
|
|
|a (urnnbn)urn:nbn:sk:snk:ar-a02uww
|
| 035 |
|
|
|a (uuid)fa16ae8b-7fbc-41df-98bd-3f43d13c4fce
|
| 040 |
|
|
|a SNKBUCL
|b slo
|c SNKBUCL
|e AACR2
|
| 041 |
0 |
|
|a slo
|
| 044 |
|
|
|a xo
|c SK
|
| 080 |
|
|
|a 82.091:821.161.1:821.162.3
|2 1997
|
| 080 |
|
|
|a 821.161.1.091:821.162.3
|2 1997
|
| 080 |
|
|
|a 821.162.3.091:821.161.1
|2 1997
|
| 100 |
1 |
|
|a Kusá, Mária,
|d 1957-
|4 aut
|9 110292
|
| 245 |
1 |
0 |
|a Česká rusistika posledných rokov
|c Mária Kusá
|
| 650 |
0 |
7 |
|a rusistika
|2 snkbucl
|9 19634
|
| 655 |
|
7 |
|a články z novín a časopisov
|2 snkbucl
|9 267496
|
| 773 |
0 |
|
|t Slovak review
|g Roč. 12, č. 1 (2003), s. 61-65
|x 1335-0544
|
| 850 |
|
|
|a Slovenská národná knižnica
|
| 852 |
|
|
|a Slovenská národná knižnica
|
| 954 |
|
|
|a odborná, vedecká literatúra pôvodná (slovenská)
|2 lita
|
| 958 |
|
|
|a article27
|
| 958 |
|
|
|a LX
|
| 958 |
|
|
|a RU
|
| 958 |
|
|
|a CZ
|
| 958 |
|
|
|a OND
|
| 958 |
|
|
|a EUIPO
|
| 992 |
|
|
|a RBX
|
| 999 |
|
|
|c 3221086
|d 3223016
|